000 00682cam a22002172 4500
001 0000019457
005 20151217145915.0
008 101117s xx 000 0 eng d
020 _a0201361213 :
040 _aKABU
_cKABU
100 1 _aSedgewick, Robert.
_@0000148168
245 1 0 _aAlgorithms in Java :
_bparts 5; graph algorithms /
_cRobert Sedgewick.
250 _a3rd ed.
260 _aBoston :
_bAddisn-Wesley,
_c2003.
300 _axvii, 496 p.
650 0 _aJava (Computer program language)
_@0000148169
650 0 _aComputer algorithms.
_@0000148170
852 1 _9p3424.20 KES
908 _a101117
950 _@1
999 _c3942
_d3942